000 00784cab a2200253 4500
001 WB3319-06
008 090401t1997 xxu||||| |||| 00| 0 eng d
035 _a(Sirsi) u78376
041 _aeng
245 _aBuilding way out of the doldrums
260 _c1997
350 _a0
490 _aConstruction News
_v(6615) 15 May 1997, 11(1)
520 _aConstruction companies have been seeing a rise in their profitability since 4Q 1996, which is now at a rate above any other industrial sector, according to CNN.
650 _aCONSTRUCTION COMPANIES
650 _aCONSTRUCTION INDUSTRY
650 _aMARGINS
650 _aPROFITABILITY
650 _aRETURNS
650 _aTURNOVER
690 _aBUILDING AND CONSTRUCTION-ECONOMICS
942 _n0
948 _c16/05/1997
999 _c49328
_d49328